000 00705 a2200205 4500
005 20240705160918.0
010 _aB-759757
020 _a9781789890754
_c399.00
035 _aB-759757
037 _bSanvik Pub.
082 _a000
100 _aKelly, Miles
_968191
245 _aCurious Questions & Answers About The Moon/
_cmiles Kelly
260 _aUK
_bMiles Kelly Publishing
_c2022
270 _aUK
300 _a31 p.
_c28cm(Hb)
700 _aDickens's, Charles
_967474
942 _adpl
_cCH
_2ddc
_h000
_mKEL
999 _c203850
_d203850